| 000 | 00792nam a2200217 a 4500 | ||
|---|---|---|---|
| 005 | 20230214064047.0 | ||
| 008 | 060810s1983 mx r 000 0 spa d | ||
| 020 | _a968816013X | ||
| 035 | _aUPN01000146284 | ||
| 049 | _aCG | ||
| 050 | 4 |
_aF1233 J8 _bS5.8 |
|
| 100 | 1 | _aSierra Brabatta, Carlos J. | |
| 245 | 1 | 0 |
_a21 de marzo : _brelación histórica del natalicio del presidente Juárez / _cCarlos J. Sierra Brabatta. |
| 260 |
_aMéxico : _bDepartamento del Distrito Federal, _c1983. |
||
| 300 | _a95 p. | ||
| 440 | 0 |
_aConciencia Cívica Nacional ; _v1 |
|
| 600 | 1 | 4 |
_aJUAREZ, BENITO, _d1806-1872 - _xANIVERSARIOS, ETC. _94599 |
| 650 | 2 |
_aPresidentes _zMéxico _vBiografía _96029 |
|
| 740 | 0 | _aVeintiuno de marzo : relación histórica del natalicio del presidente Juárez | |
| 905 | _aLibro | ||
| 999 |
_c118430 _d118430 |
||